Star Trek: TNG - Statistics

General Stats
  • This quiz has been taken 28 times
  • The average score is 3 of 15
Answer Stats
Hint Answer % Correct
Who delivers Molly O'Brien? Worf
92%
Where did the above take place? Ten Forward
83%
What is the name of the Romulan intelligence agency? Tal Shiar
63%
What was the name of the vessel where Scotty was discovered? USS Jenolen
17%
In "Cause and Effect," what was the visual clue that allowed Data to break the casuality loop the Enterprise was stuck in? Riker's rank pips
13%
What is the stardate in the finale epsiode "All Good Things?" 47988
8%
What class of starship is the USS Farragut? Nebula Class
8%
What planet was Thomas Riker marooned on following the transporter accident? Nervala IV
8%
What was the shield modulation of the Enterprise in "Generations?" 257.4
4%
What is the name of the Vulcan intelligence agency? V'Shar
4%
When Data traces the subspace transporter signal back to Daimon Bok's ship, how far away is it? 300 billion km
0%
What was the nature of the universe in "Remember Me?" An oblate spheroid 730 meters in diameter
0%
What is Lwxana Troi's official title? Daughter of the Fifth House and Holder of the Sacred Chalice of Riggs
0%
What was the name of the Maquis woman that helped Ro Laren steal medical supplies from the Enterprise (who also helped Thomas Riker steal the Defiant from DS9)? Kalita
0%
What was Ambassador Keh'lar's insufficient Klingon security clearance when attempting to access Council records? Pa'doq Cha
0%
No matching quizzes found
Score Distribution
Percent of People with Each Score
Percentile by Number Answered
Your Score History
You have not taken this quiz